Golf Courses - Statistics

General Stats
  • This quiz has been taken 152 times
  • The average score is 5 of 13
Answer Stats
Hint Answer % Correct
Masters host Augusta National
98%
Wisconsin, Ryder Cup Whistling Straits
65%
Warning Sign Bethpage Black
55%
Statue of Liberty Liberty National
44%
DJ, Angel Cabrera Oakmont
40%
Bear Trap PGA National
40%
#1 Golf Digest Pine Valley
40%
War by the Shore Kiawah Island
38%
Match Play 2016-present Austin Country Club
26%
2020 US Am Bandon Dunes
19%
Green Mile Quail Hollow
19%
Horrible Horseshoe Colonial
15%
Tiger & Phil Shadow Creek
9%
No matching quizzes found
Score Distribution
Percent of People with Each Score
Percentile by Number Answered
Your Score History
You have not taken this quiz